000 00487nam a2200181Ia 4500
001 16304
005 20260306170259.0
008 260306t2022||||xx |||||||||||||| ||und||
041 _aESP
082 _a347.7
_bP85
100 _aPrendes Valle, María
_eAUT
245 0 _aEl mecanismo de resolución bancaria:
_b¿procedimiento singular o expropiación forzosa?
260 _c2022
300 _a348 páginas :
_c24 cm.
650 _aGEN
654 _aCAN
942 _cLIB
_dJUS
_fJUS
_2ddc
_n
999 _c16304
_d16304